Evolution

Bibliographic Details
Main Author: Gamlin, Linda
Format: Book
Published: London : Darling Kindersley , 1993
Series:Eyewitness science
Subjects:

MARC

LEADER 00000cam a2200000 7i4500
001 0000002820
002 000003051
005 20000330.0
020 |a 0751310158 
090 0 0 |a 001   |b GAM 
100 1 |a Gamlin, Linda 
245 1 0 |a Evolution   |c Linda Gamlin 
260 |a London :   |b Darling Kindersley ,   |c 1993 
300 |a 64p. ;   |c 29cm. 
490 0 |a Eyewitness science 
650 0 0 |a Evolution   |x Juvenile literature 
999 |a 036424   |b BUKU   |c PINJAMAN   |e PERPUSTAKAAN KOMUNITI PETALING JAYA